|
|
|
|
| LEADER |
00000nam0a2200000 4500 |
| 001 |
137412 |
| 005 |
20231031141041.0 |
| 035 |
|
|
|a (RuTPU)RU\TPU\book\148910
|
| 090 |
|
|
|a 137412
|
| 100 |
|
|
|a 20080510d1959 km y0rusy50 ca
|
| 101 |
0 |
|
|a rus
|
| 102 |
|
|
|a RU
|
| 105 |
|
|
|a a z 001zy
|
| 200 |
1 |
|
|a Химия минеральных масел
|f Н. И. Черножуков, С. Э. Крейн, Б. В. Лосиков
|
| 205 |
|
|
|a 2-е изд., перераб.
|
| 210 |
|
|
|a Москва
|c Гостоптехиздат
|d 1959
|
| 215 |
|
|
|a 416 с.
|c ил.
|
| 320 |
|
|
|a Библиография в конце глав.
|
| 610 |
1 |
|
|a химия
|
| 610 |
1 |
|
|a минеральные масла
|
| 610 |
1 |
|
|a нефтяные масла
|
| 610 |
1 |
|
|a химический состав
|
| 610 |
1 |
|
|a физические свойства
|
| 610 |
1 |
|
|a синтетические масла
|
| 675 |
|
|
|a 665.4
|v 3
|
| 675 |
|
|
|a 665.521.5
|v 3
|
| 700 |
|
1 |
|a Черножуков
|b Н. И.
|g Николай Иванович
|
| 701 |
|
1 |
|a Крейн
|b С. Э.
|g Соломон Эфраимович
|
| 701 |
|
1 |
|a Лосиков
|b Б. В.
|g Борис Витальевич
|
| 801 |
|
1 |
|a RU
|b 63413507
|c 20080510
|
| 801 |
|
2 |
|a RU
|b 63413507
|c 20180712
|g PSBO
|
| 942 |
|
|
|c BK
|